000
00329 a2200157 4500
001
71070
020
_a
9780545001168
040
_c
Anchieta - Itaigara
100
_a
Young, Ruth
240
1
0
_a
Who says moo?
_l
por
245
1
0
_a
Who says moo?
300
_a
31p.
362
0
_a
2007
650
4
_a
Literatura infantil
942
_c
BK
999
_c
71070
_d
71070